000 00911nam a2200265 u 4500
001 000020416
003 DO-SdBNP
005 20251015112433.0
007 000020416
008 100806s1998 dr a r 000 0 spa d
040 _aBPMET
_bspa
_cBPMET
092 _a372.412
_bG633l
100 1 _aGómez, Fiume
245 1 0 _aLecturas para mi /
_cFiume Gómez, Laura Féliz.
260 _aSanto Domingo :
_bAmigo del Hogar,
_c1998.
300 _a128, 65 p. :
_bil. ;
_c28 cm.
500 _aLibro complementario de lectura para el 3er. y primer grado del nivel básico
500 _aLa biblioteca posee el v. 1-2
505 _gv. 1 :
_t Primer grado del nivel básico
_gv. 2
_tTercer grado del nivel básico
650 4 _aLECTURA ELEMENTA
_xLIBROS DE TEXTO
650 4 _aJUEGOS DE LECTURA
942 _2ddc
_cBK
956 _aIGARCIA
_b10
_c20100806
_lBND01
_h1545
956 _aTMEREDITH
_b20
_c20100809
_lBND01
_h1117
999 _c7574
_d7574